Từ điển Việt-Lào

সংরক্ষণ করুন:
গ্রন্থ-পঞ্জীর বিবরন
প্রধান লেখক: Lê Duy Lương
বিন্যাস: গ্রন্থ
ভাষা:Vietnamese
Lao
প্রকাশিত: H. Sự thật 1992
বিষয়গুলি:
ট্যাগগুলো: ট্যাগ যুক্ত করুন
কোনো ট্যাগ নেই, প্রথমজন হিসাবে ট্যাগ করুন!
Thư viện lưu trữ: Mạng thư viện Đại học Đà Nẵng
LEADER 00965nam a22003138a 4500
001 000007155
003 3316
005 20111013111037.0
008 110927s1992 b 000 0 vieod
020 |c 45.000d 
041 0 |a vie  |a lao 
082 |a 495.9223  |b LÊ-L 
084 |a V172.1-48  |b T550Đ 
100 1 |a Lê Duy Lương 
245 1 0 |a Từ điển Việt-Lào  |c Lê Duy Lương 
260 |a H.  |b Sự thật  |c 1992 
300 |a 742tr  |c 19cm 
653 |a Từ điển 
653 |a Việt-Lào 
OWN |a LSP 
AVA |a UDN50  |b LSP  |d 495.9223 LÊ-L  |e unavailable  |t Error 5002 Not defined in file expand_doc_bib_avail.  |f 1  |g 1  |h N  |i 0  |k 1 
999 |a From the UDN01 
AVA |a UDN50  |b LSP  |d 495.9223 LÊ-L  |e unavailable  |t Error 5002 Not defined in file expand_doc_bib_avail.  |f 1  |g 1  |h N  |i 0  |k 1 
TYP |a Monograph 
TYP |a Printed language 
980 |a Mạng thư viện Đại học Đà Nẵng